| 000 | 00452nam a2200181Ia 4500 | ||
|---|---|---|---|
| 008 | 231217s9999 xx 000 0 und d | ||
| 020 | _a81-8404-016-4 | ||
| 041 | _aEnglish | ||
| 082 | _a001.6424LIN BRI R | ||
| 100 | _aBrickner, David. | ||
| 245 | 0 | _aLinux desktop : pocket guide | |
| 250 | _a1st ed. | ||
| 260 |
_c2005 _bShroff _aNavi Mumbai |
||
| 300 | _axvi+181+11 | ||
| 300 | _cCD2472 | ||
| 650 | _aLinux,desktop,:,pocket | ||
| 942 | _cAA | ||
| 999 |
_c177055 _d177055 |
||